| 000 | 00580nam a22001937a 4500 | ||
|---|---|---|---|
| 999 |
_c147969 _d147969 |
||
| 005 | 20181214155116.0 | ||
| 010 | _aENG-121862 | ||
| 020 |
_a9789380873145 _c650.00 |
||
| 035 | _aEN-105394 | ||
| 037 | _bDBAD/PUB | ||
| 082 | _a796.07 | ||
| 245 |
_aEducation and sports psychology / _cedited by V.K.Verma |
||
| 260 |
_aDelhi _bEducational Publishers and Distributors _c2011 |
||
| 270 |
_a291, Bank Enclave, Laxmi Nagar _bDelhi _e110092 |
||
| 300 |
_aviii,262p. _c22cm(Hb) |
||
| 500 | _aIncludes index | ||
| 700 | _aVerma,V.K | ||
| 942 |
_2ddc _cEN _h796.07 _mEDU |
||